Whispers Of Wisdom: (Record no. 214421)

MARC details
000 -LEADER
fixed length control field 00577nam a22001937a 4500
005 - DATE AND TIME OF LATEST TRANSACTION
control field 20260121161639.0
010 ## - LCCN (DPL NO)
LC control number ENG-147625
020 ## - INTERNATIONAL STANDARD BOOK NUMBER
International Standard Book Number 9788119670222
Terms of availability 400.00
035 ## - SYSTEM CONTROL NUMBER
System control number EN-131157
037 ## - SOURCE OF ACQUISITION
Source of stock number/acquisition DBAD
082 ## - DEWEY DECIMAL CLASSIFICATION NUMBER
Classification number 808.883
Edition number 1
100 ## - MAIN ENTRY--PERSONAL NAME
Personal name R K Singh
245 ## - TITLE STATEMENT
Title Whispers Of Wisdom:
Remainder of title In Pursuit of Lakshmi/
Statement of responsibility, etc R K Singh
250 ## - EDITION STATEMENT
Edition statement 1
260 ## - PUBLICATION, DISTRIBUTION, ETC. (IMPRINT)
Place of publication, distribution, etc New Delhi
Name of publisher, distributor, etc Vitasta Publishing
Date of publication, distribution, etc 2025
270 ## - ADDRESS
Address 2/15,Ansari Road,Daryaganj,
City New Delhi
Postal code 110002
Electronic mail address vitastapublishing.com
300 ## - PHYSICAL DESCRIPTION
Extent 142p.
Dimensions 21cm(Pb)
942 ## - ADDED ENTRY ELEMENTS (KOHA)
Source of classification or shelving scheme Dewey Decimal Classification
Item type English Books
Classification part 808.883
Call number suffix RKS
Holdings
Withdrawn status Lost status Not for loan Collection code Home library Current library Date acquired Source of acquisition Cost, normal purchase price Full call number Barcode Copy number Cost, replacement price Koha item type
      Non-fiction Janak Puri Janak Puri 21/01/2026 Delivery of Books Act Division 400.00 808.883 RKS EN-131157 1 400.00 English Books

© Delhi Public Library
Hit Counter
free hit counter